Interaktívna vizualizácia informačnej siete

Gespeichert in:
Bibliographische Detailangaben
1. Verfasser: Sekerák, Lukáš, 1992- (Verfasst von)
Weitere Verfasser: Laclavík, Michal, 1976- (Betreuung Doktorarbeit)
Format: Manuskript Buch
Sprache:Slowakisch
Veröffentlicht: Bratislava : STU v Bratislave FIIT, 2013
Schlagworte:
Online-Zugang:VAIS
Tags: Tag hinzufügen
Keine Tags, Fügen Sie das erste Tag hinzu!

MARC

LEADER 00000ntm a22000003a 4500
001 stu275790
005 20150617230239.8
008 131005s2013----xo------------------slo-d
040 |a STU  |b slo 
041 0 |a slo 
044 |a xo 
100 1 |a Sekerák, Lukáš,  |d 1992-  |4 aut  |u I200  |U FIIT Fakulta informatiky a informačných technológií  |T FIIT Ústav informatiky a softvérového inžinierstva  |X 5748  |U I200  |Y 179  |7 A000005748 
242 0 0 |a Interactive Visualization of Information Networks  |y eng 
245 1 |a Interaktívna vizualizácia informačnej siete 
260 |a Bratislava :  |b STU v Bratislave FIIT,  |c 2013 
300 |a 46 s  |c príl. 
650 7 |a informatika  |2 stusub 
650 7 |a Informatics  |2 estusub 
650 7 |a informačná sieť  |2 stusub 
700 1 |a Laclavík, Michal,  |d 1976-  |4 ths  |u I200  |U FIIT Fakulta informatiky a informačných technológií  |T FIIT Ústav informatiky a softvérového inžinierstva  |X 47575  |U I200  |Y 179  |7 A000047575 
856 4 |a info a plný text  |u http://is.stuba.sk/zp/portal_zp.pl?podrobnosti=77752  |3 VAIS 
996 |b IBAP44/13  |c I*BAP44/13  |l II680  |s A  |a 24  |w stu275790_0001